[Event "IND-chT 43rd"]
[Site "Dharamshala"]
[Date "2024.04.04"]
[Round "9.4"]
[White "Mishra, Kamad"]
[Black "Swapnil, S Dhopade"]
[Result "0-1"]
[WhiteElo "1812"]
[BlackElo "2454"]
[PlyCount "58"]
[EventDate "2024.03.29"]
[EventType "team-swiss"]
[EventRounds "9"]
[EventCountry "IND"]
[SourceTitle "CB15_2024"]
[SourceDate "2024.04.10"]
[SourceVersion "1"]
[SourceVersionDate "2024.04.10"]
[SourceQuality "1"]
[WhiteTeam "Madhya Pradesh"]
[BlackTeam "Railway Sport PB II"]
[WhiteTeamCountry "IND"]
[BlackTeamCountry "IND"]

1. d4 Nf6 2. Bg5 d5 3. e3 c5 4. Bxf6 gxf6 5. dxc5 Nc6 6. Nc3 e6 7. Qh5 Bxc5 8. 0-0-0 Qe7 9. Nge2 Bd7 10. Nf4 0-0-0 11. Bb5 Kb8 12. Rhe1 Bb4 13. Nfe2 Rc8 14. a3 Bxc3 15. Nxc3 Ne5 16. Bxd7 Qxd7 17. Qh4 f5 18. Qf4 Qc7 19. Re2 a6 20. Rd4 Rhg8 21. f3 f6 22. Qh4 Rg6 23. e4 fxe4 24. fxe4 Nc6 25. Rd3 d4 26. Nb1 e5 27. Rg3 Na5 28. b4 Rxg3 29. hxg3 d3 0-1

[Event "IND-ch 59th"]
[Site "New Delhi"]
[Date "2023.01.02"]
[Round "12"]
[White "Mishra, Kamad"]
[Black "Pattnayak, Nilsu"]
[Result "0-1"]
[WhiteElo "1653"]
[BlackElo "1956"]
[PlyCount "80"]
[EventDate "2022.12.22"]
[EventType "swiss"]
[EventRounds "13"]
[EventCountry "IND"]
[SourceTitle "CBM 211 Extra"]
[Source "ChessBase"]
[SourceDate "2023.01.31"]
[SourceVersion "1"]
[SourceVersionDate "2023.01.31"]
[SourceQuality "1"]

1. d4 d5 2. c4 e6 3. Nc3 Bb4 4. e3 Nf6 5. Bd2 0-0 6. Bd3 b6 7. cxd5 exd5 8. Nf3 Re8 9. Ne5 Bb7 10. 0-0 c5 11. a3 Bxc3 12. bxc3 c4 13. Bc2 Nbd7 14. f4 Nf8 15. Rf3 Ne4 16. Bxe4 dxe4 17. Rg3 Qd5 18. Qg4 g6 19. Qh4 Bc8 20. a4 Bf5 21. Rb1 Rac8 22. Qg5 Qe6 23. d5 f6 24. Qh5 Qxd5 25. Ng4 Kf7 26. Nh6+ Ke6 27. Qe2 Qd3 28. Qxd3 cxd3 29. a5 Rb8 30. axb6 Rxb6 31. Ra1 Ra8 32. Nxf5 Kxf5 33. c4 a5 34. Bc3 a4 35. Bd4 Rb4 36. c5 Rc4 37. Kf2 a3 38. h4 Rc2+ 39. Ke1 a2 40. h5 Rb8 0-1

[Event "IND-ch 59th"]
[Site "New Delhi"]
[Date "2023.01.01"]
[Round "11"]
[White "Rupam, Mukherjee"]
[Black "Mishra, Kamad"]
[Result "0-1"]
[WhiteElo "1838"]
[BlackElo "1653"]
[PlyCount "106"]
[EventDate "2022.12.22"]
[EventType "swiss"]
[EventRounds "13"]
[EventCountry "IND"]
[SourceTitle "CBM 211 Extra"]
[Source "ChessBase"]
[SourceDate "2023.01.31"]
[SourceVersion "1"]
[SourceVersionDate "2023.01.31"]
[SourceQuality "1"]

1. Nf3 Nf6 2. b3 g6 3. Bb2 Bg7 4. g3 d6 5. Bg2 0-0 6. 0-0 e5 7. c4 Nbd7 8. d3 Ne8 9. Nc3 f5 10. b4 c6 11. Rb1 g5 12. Ne1 Nef6 13. b5 c5 14. Nd5 Nb6 15. Nxf6+ Bxf6 16. a4 a5 17. bxa6 Rxa6 18. Ra1 Qc7 19. a5 Nd7 20. Bc3 Nb8 21. Nc2 Bd7 22. Ne3 Be6 23. Nd5 Bxd5 24. Bxd5+ Kg7 25. Qb3 Nc6 26. Rfb1 Rb8 27. Qb5 h5 28. Bxc6 Qxc6 29. Qxc6 Rxc6 30. Rb5 e4 31. Bxf6+ Kxf6 32. a6 b6 33. a7 Ra8 34. dxe4 fxe4 35. Rb2 Ke6 36. Rd2 Rc7 37. Rd5 b5 38. Rxg5 Rcxa7 39. Rd1 Ra1 40. Rg6+ Ke5 41. Rgxd6 Rxd1+ 42. Rxd1 bxc4 43. Kg2 Ra3 44. h3 c3 45. e3 c2 46. Rc1 Ra2 47. f4+ exf3+ 48. Kxf3 Kd5 49. g4 hxg4+ 50. hxg4 Kc4 51. e4 Kd3 52. Re1 Rb2 53. e5 Rb1 0-1

[Event "IND-ch 59th"]
[Site "New Delhi"]
[Date "2022.12.29"]
[Round "8"]
[White "Mishra, Kamad"]
[Black "Chandar, Raju"]
[Result "0-1"]
[WhiteElo "1653"]
[BlackElo "1918"]
[PlyCount "92"]
[EventDate "2022.12.22"]
[EventType "swiss"]
[EventRounds "13"]
[EventCountry "IND"]
[SourceTitle "CBM 211 Extra"]
[Source "ChessBase"]
[SourceDate "2023.01.31"]
[SourceVersion "1"]
[SourceVersionDate "2023.01.31"]
[SourceQuality "1"]

1. b3 a5 2. a4 Nf6 3. e3 e6 4. g4 h6 5. Bb2 d5 6. h3 Bd6 7. Nf3 Nbd7 8. d4 Ne4 9. Bd3 b6 10. Nbd2 Bb7 11. Bxe4 dxe4 12. Ng1 Qh4 13. Nc4 Bb4+ 14. c3 Be7 15. Ne2 h5 16. gxh5 Rxh5 17. Qd2 Rh7 18. Ng3 f5 19. 0-0-0 0-0-0 20. Qc2 Ba6 21. Na3 Bd3 22. Rxd3 exd3 23. Qxd3 Kb7 24. Qb5 c6 25. Qc4 Qf6 26. b4 axb4 27. cxb4 f4 28. Ne4 Qf5 29. Nd2 fxe3 30. fxe3 Bg5 31. Rf1 Qd5 32. Rf3 Nf6 33. Qc2 Rdh8 34. Qg6 Rxh3 35. Qxg7+ Nd7 36. Rf7 R8h7 37. Qg6 Rxf7 38. Qxf7 Bxe3 39. Nab1 Rh2 40. Bc3 e5 41. Qxd5 cxd5 42. dxe5 d4 43. Bb2 Nxe5 44. Kd1 d3 45. Ke1 Rh1+ 46. Nf1 Nf3+ 0-1